Now and the Near, Future Prophesied. (Record no. 5599)

MARC details
000 -LEADER
fixed length control field 00598nam a2200241 a 4500
020 ## - INTERNATIONAL STANDARD BOOK NUMBER
ISBN
082 00 - DEWEY DECIMAL CLASSIFICATION NUMBER
Classification number 220.15
Author Cutter STA1
100 ## - MAIN ENTRY--AUTHOR NAME
Author name Stanton, Don E
245 ## - TITLE STATEMENT
Title Now and the Near, Future Prophesied.
260 ## - PUBLICATION, DISTRIBUTION, ETC. (IMPRINT)
Place of publication Simla
Name of publisher Bhavani Stereotypic Press
Year of publication 1972
300 ## - PHYSICAL DESCRIPTION
Number of Pages 158p
500 ## - GENERAL NOTE
General note includes index and biblioraphy
505 2# - FORMATTED CONTENTS NOTE
Formatted contents note V1 And V3 Only
650 ## - SUBJECT ADDED ENTRY--TOPICAL TERM
Topical Term Bible-Prophecies
942 ## - ADDED ENTRY ELEMENTS (KOHA)
Koha item type Books
700 1# -
-- Stanton, Don E
Holdings
Home library Current library Date acquired Cost, normal purchase price Full call number Accession Number Koha item type
Henry Martyn Institute Library Henry Martyn Institute Library 04/11/2018 100.00 220.15 STA1 07611 Books
Henry Martyn Institute Library Henry Martyn Institute Library 04/11/2018 100.00 220.15 STA1 010636 Books
                   Copyright © 2026 | Henry Martyn Institute | Hyderabad | TS-500052 | INDIA | Implemented by hmi.edu.in
Hit-Count:

Powered by Koha